Mấy suy nghĩ về trang phục của phụ nữ H'mông Hà Sơn Bình /
Đã lưu trong:
| Tác giả chính: | |
|---|---|
| Định dạng: | Bài viết |
| Ngôn ngữ: | Vietnamese |
| Những chủ đề: | |
| Các nhãn: |
Thêm thẻ
Không có thẻ, Là người đầu tiên thẻ bản ghi này!
|
| Thư viện lưu trữ: | Thư viện Trường Đại học Đà Lạt |
|---|
| LEADER | 00810nam a2200277 4500 | ||
|---|---|---|---|
| 001 | DLU090102202 | ||
| 005 | ##20091202 | ||
| 040 | # | # | |a DLU |b vie |
| 041 | # | # | |a vie |
| 044 | # | # | |a vn |
| 100 | # | # | |a Hưng Minh. |
| 245 | # | # | |a Mấy suy nghĩ về trang phục của phụ nữ H'mông Hà Sơn Bình / |c Hưng Minh. |
| 653 | # | # | |a Dân tộc Hmông |
| 653 | # | # | |a Dân tộc thiểu số |
| 653 | # | # | |a Quần áo dân tộc |
| 653 | # | # | |a Văn hoá tộc người |
| 773 | # | # | |t Văn hoá Nghệ thuật |g Số 5, 1989, tr. 28-30 |
| 920 | # | # | |a Phòng Tạp chí -- Trung tâm Thông tin - Thư viện Trường Đại học Đà Lạt |
| 994 | # | # | |a DLU |
| 900 | # | # | |a True |
| 911 | # | # | |a Đào Thị Thu Huyền |
| 925 | # | # | |a G |
| 926 | # | # | |a A |
| 927 | # | # | |a BB |
| 980 | # | # | |a Thư viện Trường Đại học Đà Lạt |